Paris RER lines with the most users - Statistics

General Stats
  • This quiz has been taken 422 times
  • The average score is 5 of 5
Answer Stats
Annual ridership Line % Correct
309 360 000 A
99%
165 500 000 B
99%
145 000 000 D
99%
140 000 000 C
96%
60 000 000 E
95%
No matching quizzes found
Score Distribution
Percent of People with Each Score
Percentile by Number Answered
Your Score History
You have not taken this quiz